U.S. States or European Countries by Population Density - Statistics

General Stats
  • This quiz has been taken 24 times
  • The average score is 17 of 19
Answer Stats
Density (Imperial) Entity Type Density (Metric) % Correct
1,005 Belgium Country 388
100%
1,401 Netherlands Country 541
100%
749 Connecticut State 289
96%
900 Massachusetts State 347
96%
1,267 New Jersey State 489
96%
741 United Kingdom Country 286
96%
428 Florida State 165
92%
627 Germany Country 242
92%
676 Luxembourg Country 261
92%
1,062 Rhode Island State 410
92%
521 Italy Country 201
88%
413 New York State 159
88%
638 Maryland State 246
83%
585 Switzerland Country 226
83%
316 France Country 122
79%
326 Poland Country 126
79%
536 Delaware State 207
75%
386 Denmark Country 149
71%
360 Czech Republic Country 139
67%
No matching quizzes found
Score Distribution
Percent of People with Each Score
Percentile by Number Answered
Your Score History
You have not taken this quiz